Central Library OPAC University of Rajshahi

Japan : (Record no. 26295)

MARC details
000 -LEADER
fixed length control field 00750nam a22002531 4500
001 - CONTROL NUMBER
control field 26295
003 - CONTROL NUMBER IDENTIFIER
rucl marc code BD-RjUL
005 - DATE AND TIME OF LATEST TRANSACTION
control field 20211209051009.0
008 - FIXED-LENGTH DATA ELEMENTS--GENERAL INFORMATION
fixed length control field 140322s1919 enkab 001 0 eng
035 ## - SYSTEM CONTROL NUMBER
System control number (BD-RjUL)26365
System control number (OCoLC)3881028
040 ## - CATALOGING SOURCE
Original cataloging agency DLC
Transcribing agency MnStclS
Modifying agency OCoLC
-- DLC
Language of cataloging eng
041 ## - LANGUAGE CODE
Language code of text/sound track or separate title eng
082 00 - DEWEY DECIMAL CLASSIFICATION NUMBER
Classification number 952
Author mark and year POJ 1919
100 1# - MAIN ENTRY--PERSONAL NAME
Personal name Porter, Robert P.
Fuller form of name (Robert Percival),
Dates associated with a name 1852-1917.
9 (RLIN) 80852
245 10 - TITLE STATEMENT
Title Japan :
Remainder of title the rise of a modern power /
Statement of responsibility, etc. by Robert P. Porter.
260 ## - PUBLICATION, DISTRIBUTION, ETC. (IMPRINT)
Place of publication, distribution, etc. Oxford ;
Name of publisher, distributor, etc. Clarendon Press,
Date of publication, distribution, etc. 1919.
300 ## - PHYSICAL DESCRIPTION
Pagination xi, 361, [1] p. :
Illustrations illus., maps (2 fold.) ;
Size 20 cm.
504 ## - BIBLIOGRAPHY, ETC. NOTE
Bibliography, etc Includes index.
651 #0 - SUBJECT ADDED ENTRY--GEOGRAPHIC NAME
Geographic name Japan
General subdivision History.
9 (RLIN) 80853
942 ## - ADDED ENTRY ELEMENTS (KOHA)
Source of classification or shelving scheme Dewey Decimal Classification
Koha item type Books
Holdings
Lost status Source of classification or shelving scheme Damaged status Not for loan Collection code Permanent Location Current Location Shelving location Date acquired Source of acquisition Cost, normal purchase price Total Checkouts Full call number Date last seen Copy number Koha item type
  Dewey Decimal Classification   Added to bundle Non-fiction Central Library, University of Rajshahi Central Library, University of Rajshahi Reading Room 14/09/1955 B. H. Black Well 15.00   952 POJ 1919 22/03/2014 C-5 Books
  Dewey Decimal Classification   Added to bundle Non-fiction Central Library, University of Rajshahi Central Library, University of Rajshahi Reading Room 17/01/1955 O. U. P. 8.70   952 POJ 1919 22/03/2014 C-1 Books
  Dewey Decimal Classification     Non-fiction Central Library, University of Rajshahi Central Library, University of Rajshahi   17/01/1955 O. U. P. 8.70   952 POJ 1919 22/03/2014 C-2 Books
  Dewey Decimal Classification     Non-fiction Central Library, University of Rajshahi Central Library, University of Rajshahi   21/01/1955 M. B. P. Dacca 11.40   952 POJ 1919 22/03/2014 C-3 Books